Power Politics and Change (Record no. 195329)

MARC details
000 -LEADER
fixed length control field 00425nam a2200193Ia 4500
008 - FIXED-LENGTH DATA ELEMENTS--GENERAL INFORMATION
fixed length control field 240823s9999||||xx |||||||||||||| ||und||
020 ## - INTERNATIONAL STANDARD BOOK NUMBER
International Standard Book Number 978-0-312-59546-3
082 ## - DEWEY DECIMAL CLASSIFICATION NUMBER
-- 299.93 Q1
100 ## - MAIN ENTRY--PERSONAL NAME
Personal name Osho
245 #0 - TITLE STATEMENT
Title Power Politics and Change
250 ## - EDITION STATEMENT
Edition statement 1st
260 ## - PUBLICATION, DISTRIBUTION, ETC. (IMPRINT)
Date of publication, distribution, etc 2011
Name of publisher, distributor, etc St mar
500 ## - GENERAL NOTE
General note YES
650 ## - SUBJECT ADDED ENTRY--TOPICAL TERM
Topical term or geographic name as entry element Power
942 ## - ADDED ENTRY ELEMENTS (KOHA)
Item type Books
Holdings
Withdrawn status Lost status Damaged status Permanent location Current location Shelving location Date acquired Source of acquisition Cost, normal purchase price Full call number Barcode Date last seen Koha item type
      CENTRAL LIBRARY, NOORUL ISLAM CENTRE FOR HIGHER EDUCATION CENTRAL LIBRARY, NOORUL ISLAM CENTRE FOR HIGHER EDUCATION   04/06/2013 Higginbothams Private Ltd 225.00 299.93 Q1 47059 08/23/2024 Books
Visitors:
Copyright © 2024 Central Library NICHE.  All rights reserved.